Responses for Show #4723 - Wednesday, March 2, 2005

2005 Ultimate Tournament of Champions Round 1, game 16.

(Jimmy: We're stepping out and into Manhattan's famous 21 Club. Do join us for clues on Jeopardy!, next!)

Contestants

[<< previous game]

Catherine Ramen, a database developer and writer from New York, New York

Jennifer Wu, a high school junior from Arkadelphia, Arkansas

Lee Lassiter, a data modeler from Topeka, Kansas

[next game >>]

Jeopardy! Round responses

21
(Alex: The famous 21 in New York.)
SCHOOL OF ROCK
HINTS FROM HELOISE... TO ABELARD
PAVLOVIAN JEOPARDY!
(Alex: The clues will be very brief, but they will have key words that will, like the dog, get you to [snaps fingers] come up with the correct response immediately. Just like that!)
FLAG ME DOWN
GIVE ME "MORE"
    $200 16
Sex and the City

Lee
    $200 21
Henry VIII

Catherine
    $200 6
swine

Jennifer
    $200 11
(Sylvia) Plath

Lee
    $200 1
Islam

Lee
    $200 26
Mt. Rushmore

Jennifer
    $400 17
John Kerry

Catherine
    $400 22
"Paint It Black"

Catherine
    $400 7
the veil

Catherine
    $400 12
Newton

Jennifer
    $400 4
Six Flags

Catherine
    $400 27
Fillmore

Jennifer
    $600 18
PT-109

Catherine
    $600 23
(Lee: Who are The Eagles?)

The Commodores

Lee
Triple Stumper
    $600 8
(Alex: You wouldn't expect an ass to do what [*] can do.)

an elephant

Triple Stumper
    $600 13
Steinbeck

Jennifer
    $1,000 2
(Lee: What is... the seal?)
(Alex: No. What is [*]? It has the [*] River on the flag.)

Missouri

Lee
    $600 28
(Lee: Who is Barrymore?)
(Alex: Ah ha. I can think of 5 acting Barrymores. Which one?)
(Lee: John?)

Lionel Barrymore

LeeCatherine
    $800 19
(Lee: Who are Gable & Lombard?)

Humphrey Bogart & Lauren Bacall

LeeCatherine
    $800 24
"Physical"

Lee
    $800 9
adultery

Catherine
    $800 14
William Henry Harrison

Lee
    $800 3
the Bear Flag Republic

Catherine
    $800 29
a sycamore

Jennifer
    $1000 20
Jimmy Walker

Catherine
    $1000 25
"Smile"

Triple Stumper
    $1000 10
pilgrimage

Triple Stumper
    $1000 15
(Andrew) Carnegie

Lee
    $1000 5
(Lee: What is the Netherlands?)

Belgium

LeeCatherine
    $1000 30
Livermore

Triple Stumper

Scores at the first commercial break (after clue 15):

Lee Jennifer Catherine
$200 $1,200 $3,400

Scores at the end of the Jeopardy! Round:

Lee Jennifer Catherine
-$800 $2,600 $7,400

Double Jeopardy! Round responses

MILITARY HISTORY
DENNIS, ANYONE?
LET'S HAVE A COOKOUT
GEOGRAPHER'S DICTIONARY
A SUCCESS WITH BRUSH
GIVE ME "LESS"
    $400 21
Genghis Khan

Catherine
    $400 26
Dennis Franz

Lee
    $400 15
a briquette

Catherine
    $400 16
key

Jennifer
    $400 6
Venice

Catherine
    $400 5
The Road Less Traveled

Catherine
    $800 22
Fallujah

Catherine
    $800 27
Dennis Hopper

Catherine
    $800 11
ribs

Catherine
    $800 17
gorge

Jennifer
    $2,000 7
(Peter Paul) Rubens

Catherine
    $800 1
the Lesser Antilles

Catherine
    $1200 23
Charlemagne

Lee
    $1200 28
Dennis Rodman

Catherine
    $1200 12
the Capitol

Catherine
    $1200 18
a duchy

Lee
    $1200 8
the Shark

Jennifer
    $1200 2
Doris Lessing

Catherine
    $1600 24
Greece

Catherine
    $1600 29
Dennis Eckersley

Lee
    $1600 13
a buoy

Catherine
    $1600 19
a shire

Catherine
    $1600 9
(Jackson) Pollock

Lee
    $1600 3
Ferdinand de Lesseps

Triple Stumper
    $3,000 25
(Alex: I know! Since you were a 5-time champion you've been dying to say it... a True Daily Double. Do you want to do it?)
(Catherine: [Rolls eyes and laughs amiably] No. No, sir! No, sir!)
(Alex: A True Daily Double!? Just think, $45,200...)
(Catherine: I will do $3,000.)

British Expeditionary Force

Catherine
    $2000 30
Dennis Haysbert

Lee
    $2000 14
(Alex: When you are [*] the meat... [*]!)

smoking

Triple Stumper
    $2000 20
a bight

Catherine
    $2000 10
Edouard Manet

Triple Stumper
    $2000 4
Alessandro

Triple Stumper

Scores at the end of the Double Jeopardy! Round:

Lee Jennifer Catherine
$7,200 $5,000 $27,600
(lock game)

[wagering suggestions for these scores]

Final Jeopardy! Round responses

DETECTIVE FICTION
(Alex: Jennifer, were you able to come up with the stuff that dreams are made of?)
JenniferWhat is the Golden Key?
$5,000
LeeWhat is ?
$7,200
CatherineWhat is The Maltese Falcon?
$6,400
the Maltese Falcon

Final scores:

Lee Jennifer Catherine
$0 $0 $34,000
2nd place: $5,000 3rd place: $5,000 Winner: $34,000 + an advance to UToC Round 2

Game dynamics:

Coryat scores:

Lee Jennifer Catherine
$8,200 $5,000 $25,400
12 R,
5 W
(including 1 DD)
9 R,
0 W
29 R
(including 2 DDs),
0 W

Combined Coryat: $38,600

[game clues] [game scores] [suggest correction]

Game tape date: 2005-02-09
The J! Archive is created by fans, for fans. Scraping, republication, monetization, and malicious use prohibited; this site may use cookies and collect identifying information. See terms. The Jeopardy! game show and all elements thereof, including but not limited to copyright and trademark thereto, are the property of Jeopardy Productions, Inc. and are protected under law. This website is not affiliated with, sponsored by, or operated by Jeopardy Productions, Inc. Join the discussion at JBoard.tv.